| 000 | 00656nam a2200205 4500 | ||
|---|---|---|---|
| 001 | 124056 | ||
| 003 | ES-MaACL | ||
| 005 | 20231220202827.0 | ||
| 007 | t| | ||
| 008 | 070214s1914 sp r ||||1| spa d | ||
| 100 | 1 |
_aRamón y Cajal, Santiago, _d1852-1934 _9226468 |
|
| 245 | 1 | 0 |
_aManual de histología normal y de técnica micrográfica : _bpara uso de estudiantes / _cpor Santiago Ramón y Cajal. |
| 250 | _a6ª ed. aum. | ||
| 260 |
_aMadrid : _bHijos de Nicolás Moya, _c1914. |
||
| 300 |
_a858 p. : _bil. ; _c24 cm. |
||
| 650 | 4 |
_aHistología. _9164981 |
|
| 650 | 4 |
_aMicroscopía. _915032 |
|
| 852 |
_aES-MaACL _jE-827 |
||
| 999 |
_c124056 _d124056 |
||